000 00248nam a2200109Ia 4500
008 200302s9999 xx 000 0 und d
100 _aArian Mostaedi
245 _aThe New Apartment
260 _bLinksbooks net.
260 _c2005
300 _a167 P.,
999 _c3966
_d3966